Biblioteca

El Islam y la libertad religiosa (Registro nro. 69507)

Detalles MARC
000 -LÍDER
Campo fijo de descripción fija 01181nab a2200217 i 4500
001 - NÚMERO DE CONTROL
Campo de control 768714001
003 - IDENTIFICADOR DEL NÚMERO DE CONTROL
Campo de control CO-MdFUSB
005 - FECHA Y HORA DE LA ULTIMA TRANSACCIÓN
control field 20240506121105.0
008 - ELEMENTOS DE LONGITUD FIJA -- INFORMACIÓN GENERAL
Campo fijo de descripción fija -- Información general 240503t1966 sp ||||| |||| 00| 0 spa d
040 ## - FUENTE DE CATALOGACIÓN
Idioma de catalogación spa
Agencia que realiza la transcripción CO-MdFUSB
Agencia que realiza la modificación CO-MdFUSB
041 ## - CÓDIGO DE IDIOMA
Código de idioma para texto/pista de sonido o título separado spa
100 ## - ASIENTO PRINCIPAL--NOMBRE PERSONAL
Nombre personal Edelby, Néophytos,
Término relacionador autor
245 #3 - TÍTULO
Título El Islam y la libertad religiosa
Mención de responsabilidad / Néophytos Edelby
520 ## - NOTA DE RESUMEN, ETC.
Nota de sumario, etc. En este estudio se esbozan algunas dificultades que enfrenta el mundo musulmán en materia de libertad religiosa. En países donde el Islam sigue siendo prácticamente la única religión reconocida, el Estado aplica casi por completo las enseñanzas del Corán. La libertad religiosa está garantizada en las constituciones democráticas de la mayoría de los países musulmanes actuales, que son comparables a las de otras naciones modernas.
650 #7 - ASIENTO SECUNDARIO DE MATERIA - TERMINO TEMÁTICO
Término temático o nombre geográfico como elemento de entrada Islamismo
9 (RLIN) 6903
650 #7 - ASIENTO SECUNDARIO DE MATERIA - TERMINO TEMÁTICO
Término temático o nombre geográfico como elemento de entrada Libertad religiosa
9 (RLIN) 287
653 ## - TÉRMINO DE INDIZACIÓN - NO CONTROLADO
Término no controlado Derecho canónico
773 0# - ASIENTO DE ITEM FUENTE
Biblionumber 49450
Itemnumber 82576
Otro identificador del ítem R2508
Título Revista internacional de teología Concilium
Número de control del registro (CO-MdFUSB)8
Número Internacional Normalizado para Publicaciones Seriadas (ISSN) 0210-1041
Parte(s) relacionada(s) / Volumen., número. (mes año), páginas Número 18, (septiembre - octubre, 1966), páginas: 68 -76
Enumeración y primera página página: 68
942 ## - TIPO DE MATERIAL (KOHA)
Tipo de Item KOHA Artículos de Revista
945 ## - INFORMACIÓN LOCAL DEL REGISTRO
Catalogador Catherine Arias Álvarez practicante SENA

No hay ítems disponibles.

Biblioteca FUSBC | Teléfono: (57+4) 349 88 10 Ext. 141| WhatsApp (+57) 3005338115 
E-mail: biblioteca@unisbc.edu.co | Calle 76 87-14 Robledo Palenque, Medellín, Colombia

Con tecnología Koha